| 000 | 01242nam a22003617a 4500 | ||
|---|---|---|---|
| 001 | 110 | ||
| 003 | FISKH | ||
| 005 | 20230324135932.0 | ||
| 008 | 230227b cb ||||| |||| 00| 0 eng d | ||
| 010 | _a 83048440 | ||
| 040 |
_aDLC _beng _cDLC _dDLC _dFISKH |
||
| 042 | _alcac | ||
| 050 | 0 | 0 |
_aPZ7.L8773 _bIn 1984 |
| 082 | 0 | 0 |
_a796 _219 |
| 100 | 1 | _aLord, Bette. | |
| 245 | 1 | 0 |
_aIn the Year of the Boar and Jackie Robinson / _cBette Bao Lord ; illustrations by Marc Simont. |
| 250 | _a1st ed. | ||
| 260 |
_aNew York _bScholastic _c1984 |
||
| 300 |
_a169 p. : _bill. ; _c22 cm. |
||
| 505 | _aM | ||
| 520 | _aIn 1947, a Chinese child comes to Brooklyn where she becomes Americanized at school, in her apartment building, and by her love for baseball. | ||
| 521 | 8 |
_a730 _bLexile |
|
| 521 | 8 |
_aM _bRaz-Plus |
|
| 650 | 0 | _aChildren's stories, American. | |
| 650 | 0 |
_aChinese Americans _vFiction |
|
| 650 | 0 |
_aMoving, Household _vFiction |
|
| 650 | 1 |
_aSchools _vFiction |
|
| 700 | 1 |
_aSimont, Marc, _eill. |
|
| 710 | 2 |
_aJuvenile Collection (Library of Congress) _5DLC |
|
| 856 | 4 | 2 |
_3Publisher description _uhttp://www.loc.gov/catdir/description/hc044/83048440.html |
| 906 |
_a7 _bcbc _corignew _d1 _eocip _f19 _gy-gencatlg |
||
| 942 |
_2ddc _cBK _n0 |
||
| 999 |
_c110 _d110 |
||